000 06495nam a22005177a 4500
005 20090903150243.0
008 090313t xxu||||| |||| 00| 0 hin d
010 _aB-357166
020 _a8181362062
_c150.00
035 _aB-357166
035 _aB-371475-495
037 _bdbad / pub
037 _bपर्व प्रकाशन/ PUB
040 _adpl
_bHN
082 _a250.33
100 _aमित्तल, महेन्द्र
_918678
245 _aभगवान बुद्ध /
_bमहेन्द्र मित्तल
246 _aBhagwan Budh
_bMahendera Mittal
260 _aदिल्ली
_bपर्व प्रकाशन
_c2009
270 _a1376, फर्स्ट फ्लोर , कश्मीरी गेट
_bदिल्ली
_e110006
300 _a108 पृ
_bसचित्र
_c24सेमी (सजिल्द)
942 _2ddc
_cCH
_mमित्तल
_h250.33
999 _c29965
_d29965